[Event "Biel op MTO"]
[Site "Biel"]
[Date "1997.??.??"]
[Round "10"]
[White "Pikula, Dejan"]
[Black "Huss, Andreas"]
[Result "1-0"]
[WhiteElo "2465"]
[BlackElo "2325"]

1.e4 e6 2.d4 d5 3.Nc3 Bb4 4.e5 b6 5.Qg4 Bf8 6.Bb5+ c6 7.Ba4 a5 8.a3 Ba6 9.Nce2 Bc4
10.c3 Bd3 11.Nf4 Bf5 12.Qe2 h6 13.h4 b5 14.Bd1 a4 15.g4 Be4 16.Rh3 Nd7 17.Nh5 Ne7
18.Ng3 Bh7 19.f4 Nb6 20.Nf3 Qd7 21.h5 Nc4 22.Be3 Kd8 23.Nh4 Kc7 24.Rh1 Nc8
25.f5 Be7 26.Bf4 Kb7 27.Bc2 Qd8 28.Nf3 N8b6 29.Kf2 Qd7 30.Kg2 Rae8 31.Rae1 Qc8
32.Bb1 f6 33.Bd3 Rhf8 34.Qc2 Bd8 35.Re2 Bc7 36.Rhe1 Ka7 37.fxe6 Bxd3 38.Qxd3 Rxe6
39.Nf5 Rf7 40.Bg3 fxe5 41.Bxe5 Kb7 42.Bxc7 Rxe2+ 43.Rxe2 Qxc7 44.Ne5 Rf6
45.Ng6 Nc8 46.Qg3 N4d6 47.Nxd6+ Qxd6 48.Qxd6 Rxd6 49.Re8 Rd7 50.Nf8 Rf7 51.Ne6 Nd6
52.Rg8 Kb6 53.Rxg7 Rxg7 54.Nxg7 Nf7 55.Ne6 b4 56.axb4 Kb5 57.Nc5 Ng5 58.Kf2 Nh3+
59.Ke3 Ng5 60.Kf4 Kc4 61.Kf5 a3 62.bxa3 Kxc3  1-0

[Event "Clarin GP1 Boca Juniors"]
[Site "Boca"]
[Date "1997.??.??"]
[Round "2"]
[White "Bernardo, Walter"]
[Black "Rodriguez, Andres"]
[Result "0-1"]
[WhiteElo "2305"]
[BlackElo "2565"]

1.e4 e6 2.d4 d5 3.Nc3 Bb4 4.e5 Ne7 5.Qg4 c5 6.a3 Bxc3+ 7.bxc3 cxd4 8.cxd4 Qc7
9.Kd1 Nf5 10.Nf3 Nc6 11.Bd3 h5 12.Qf4 g6 13.Bd2 Bd7 14.Ke2 O-O-O 15.h4 f6
16.exf6 Ncxd4+ 17.Nxd4 e5 18.Nxf5 exf4 19.Ne7+ Kb8 20.Nxg6 Ka8 21.Bxf4 Rhe8+
22.Kd1 Qc3 23.Ra2 Ba4 24.Kc1 Rc8  0-1

[Event "Clarin GP1 Boca Juniors"]
[Site "Boca"]
[Date "1997.??.??"]
[Round "4"]
[White "Moreno, J."]
[Black "Rodriguez, Andres"]
[Result "1/2-1/2"]
[WhiteElo "2370"]
[BlackElo "2565"]

1.e4 e6 2.d4 d5 3.Nc3 Bb4 4.e5 Ne7 5.a3 Bxc3+ 6.bxc3 b6 7.a4 Ba6 8.Bd3 Bxd3
9.cxd3 Nd7 10.Nf3 c5 11.O-O Qc7 12.a5 O-O 13.Re1 Nc6 14.dxc5 bxc5 15.Qa4 Ndxe5
16.Nxe5 Nxe5 17.Qf4 f6 18.d4 cxd4 19.cxd4 Qc3 20.Bd2 Ng6 21.Bxc3 Nxf4 22.Bd2 e5
23.Bxf4 exf4 24.Re7 Rf7 25.Rxf7 Kxf7 26.Rb1 Re8 27.Kf1 Re7 28.Rb5 Ke6 29.Ke2 g5
30.Kd3 Kd6 31.Rb8 Rc7 32.Rf8 Ke6 33.Re8+ Kd6  1/2-1/2

[Event "Clarin GP1 Boca Juniors"]
[Site "Boca"]
[Date "1997.??.??"]
[Round "7"]
[White "Giaccio, Alfredo"]
[Black "Madina, Martin"]
[Result "1-0"]
[WhiteElo "2460"]
[BlackElo "2320"]

1.e4 e6 2.d4 d5 3.Nc3 Bb4 4.e5 Ne7 5.a3 Bxc3+ 6.bxc3 b6 7.Qg4 Ng6 8.h4 h5
9.Qd1 Ba6 10.Bxa6 Nxa6 11.Bg5 Qd7 12.Ne2 Qc6 13.O-O Nb8 14.f4 Nf8 15.f5 Nbd7
16.Qd3 g6 17.fxg6 Nxg6 18.Nf4 Ndf8 19.Nxg6 Nxg6 20.Rxf7 Kxf7 21.Rf1+ Kg7
22.Bf6+ Kh7 23.Bxh8 Qd7 24.Bf6 Qe8  1-0

[Event "Bogota Telecom"]
[Site "Bogota"]
[Date "1997.??.??"]
[Round "3"]
[White "Renteria, Jorge"]
[Black "Ostos, Julio"]
[Result "1-0"]
[WhiteElo "2215"]
[BlackElo "2320"]

1.e4 e6 2.d4 d5 3.Nc3 Bb4 4.e5 Ne7 5.Qg4 c5 6.a3 Bxc3+ 7.bxc3 Qc7 8.Qxg7 Rg8
9.Qxh7 cxd4 10.Ne2 Nbc6 11.f4 dxc3 12.Qd3 Bd7 13.Qxc3 Nf5 14.Rb1 Rc8 15.Rg1 Ncd4
16.Qxc7 Rxc7 17.c3 Nxe2 18.Bxe2 Rxc3 19.Bd2 Rc7 20.Bd3 Bc6 21.Kf2 d4 22.g4 Ne3
23.Bxe3 dxe3+ 24.Kxe3 Rh8 25.Rb2 Bd5 26.Rg3 Ke7 27.f5 exf5 28.gxf5 Rh4 29.Rb5 Bc6
30.Rb4 Rxh2 31.Rd4 Rd7 32.Bc4 Rxd4 33.f6+ Kf8 34.Kxd4 Rh4+ 35.Kd3 b5 36.Ba2 Be4+
37.Kc3 a5 38.e6 b4+ 39.axb4 axb4+ 40.Kd2 fxe6 41.Bxe6 Bh7 42.f7 Rd4+ 43.Kc1 Ke7
44.Rg8 Rf4 45.Re8+ Kd6 46.Bb3 Rf1+ 47.Kd2  1-0

[Event "Bogota Telecom"]
[Site "Bogota"]
[Date "1997.??.??"]
[Round "12"]
[White "Acosta, Alejandro"]
[Black "Ostos, Julio"]
[Result "1-0"]
[WhiteElo "2340"]
[BlackElo "2320"]

1.e4 e6 2.d4 d5 3.Nc3 Bb4 4.e5 Ne7 5.a3 Bxc3+ 6.bxc3 c5 7.Qg4 Qc7 8.Bd3 c4
9.Be2 O-O 10.h4 f6 11.f4 Qa5 12.Bd2 Nbc6 13.h5 h6 14.Qh3 Bd7 15.g4 fxe5 16.fxe5 Rf7
17.Nf3 Raf8 18.Rg1 Qb6 19.O-O-O Qa5 20.Kb2 Nc8 21.g5 Nb6 22.Nh4 Nxd4 23.cxd4 c3+
24.Ka2 cxd2 25.gxh6 Na4 26.Rg3 Rc8 27.c4 Qb6 28.Rxd2 dxc4 29.Qg2 Kh8 30.Ng6+ Kh7
31.Qe4 Bc6 32.Qc2 gxh6 33.Ne7+  1-0

[Event "Slovan op"]
[Site "Bratislava"]
[Date "1997.??.??"]
[Round "6"]
[White "Vlcek, Stanislav"]
[Black "Komora, Andrej"]
[Result "0-1"]
[WhiteElo "2110"]
[BlackElo "2205"]

1.e4 e6 2.d4 d5 3.Nc3 Bb4 4.e5 Ne7 5.a3 Bxc3+ 6.bxc3 c5 7.Qg4 Qc7 8.Bd3 c4
9.Be2 Nf5 10.Nf3 Nc6 11.Qf4 Qa5 12.Bd2 h6 13.O-O Bd7 14.Rfb1 O-O-O 15.h4 f6
16.h5 Rhf8 17.Qh2 fxe5 18.dxe5 Nfe7 19.a4 g5 20.g4 a6 21.Qg3 Kb8 22.Ra2 Bc8
23.Be3 Qxc3 24.Bd2 Nd4 25.Nxd4 Qxd2 26.Rd1 Qf4 27.c3 Qxg3+ 28.fxg3 Bd7 29.Rb1 Ka7
30.a5 Nc6 31.Nxc6+ Bxc6 32.Rd2 Bb5 33.Bd1 b6 34.axb6+ Kxb6 35.Rdb2 Kc5 36.Ra2 d4  0-1

[Event "Budapest"]
[Site "Budapest"]
[Date "1997.??.??"]
[Round "2"]
[White "Kiss, Gedeon"]
[Black "Karatorossian, David"]
[Result "0-1"]
[WhiteElo "2190"]
[BlackElo "2235"]

1.e4 e6 2.d4 d5 3.Nc3 Bb4 4.e5 b6 5.a3 Bxc3+ 6.bxc3 Qd7 7.Qg4 f5 8.Qg3 Ba6
9.Bxa6 Nxa6 10.Ne2 O-O-O 11.a4 Kb7 12.c4 dxc4 13.Qc3 Qc6 14.Ba3 Rd7 15.O-O Ne7
16.Bxe7 Rxe7 17.Rfb1 Ka8 18.Rb5 Rd8 19.Nf4 g5 20.Nh5 Red7 21.Rd1 Qe4 22.f3 Qh4
23.g4 fxg4 24.Nf6 g3 25.hxg3 Qxg3+ 26.Kf1 Rf7 27.Qe3 Qf4 28.Qxf4 gxf4 29.Rbb1 c6
30.Ne4 Nc7 31.Nd6 Rg7 32.Kf2 Rdg8 33.Rg1 Rxg1 34.Rxg1 Rxg1 35.Kxg1 b5 36.a5 Nd5
37.Kh2 c3 38.Ne4 b4 39.Nc5 Ne3 40.Nxe6 b3 41.Nxf4 b2 42.e6 b1=Q 43.e7 Qxc2+
44.Kg1 Qb1+ 45.Kh2 Qb8  0-1

[Event "Budapest FS12 IM-A"]
[Site "Budapest"]
[Date "1997.??.??"]
[Round "3"]
[White "Colovic, Aleksandar"]
[Black "Karatorossian, David"]
[Result "0-1"]
[WhiteElo "2360"]
[BlackElo "2335"]

1.e4 e6 2.d4 d5 3.Nc3 Bb4 4.e5 b6 5.a3 Bxc3+ 6.bxc3 Qd7 7.Qg4 f5 8.Qg3 Ba6
9.Bxa6 Nxa6 10.Qd3 Nb8 11.a4 Nc6 12.Ne2 Na5 13.O-O Nc4 14.Nf4 g5 15.Ne2 h6
16.h4 Qh7 17.Qh3 Qg7 18.Qg3 Ne7 19.Ba3 Rg8 20.Bxe7 Kxe7 21.Rfd1 Kd7 22.hxg5 hxg5
23.Nc1 Rh8 24.Nd3 Rh4 25.Kf1 Rah8 26.a5 Rg4 27.Qf3 Rh1+ 28.Ke2 Re4+ 29.Qxe4 Rxd1
30.axb6 axb6 31.Qf3 Rxa1 32.Nb4 g4 33.Qf4 Ra8 34.g3 Rh8 35.Qc1 Qh6 36.Qxh6 Rxh6
37.Nd3 Rh1 38.Nf4 Rc1 39.Kd3 Rd1+ 40.Ke2 Rd2+  0-1

[Event "Budapest"]
[Site "Budapest"]
[Date "1997.??.??"]
[Round "4"]
[White "Roser, Kevin"]
[Black "Karatorossian, David"]
[Result "1-0"]
[WhiteElo "2255"]
[BlackElo "2235"]

1.e4 e6 2.d4 d5 3.Nc3 Bb4 4.e5 b6 5.Qg4 Bf8 6.Nh3 Ba6 7.Nb5 Qd7 8.a4 Ne7
9.Nf4 Ng6 10.Nh5 Rg8 11.Bh6 c6 12.Nd6+ Bxd6 13.exd6 f5 14.Qg3 Kf7 15.Bxg7 Rxg7
16.Nxg7 Kxg7 17.h4 Kh8 18.h5 Nf8 19.a5 Bxf1 20.Kxf1 b5 21.Qg5 Na6 22.Re1 Re8
23.Rh3 Qg7 24.Qf4 Nb8 25.Rg3 Qf6 26.Rf3 Nbd7 27.g4 Qh4 28.gxf5 Qh1+ 29.Ke2 exf5+
30.Re3 Rxe3+ 31.Qxe3 Qxh5+ 32.Kd2 Nf6 33.Kc1 N8d7 34.Qe7 Qh6+ 35.Kb1 Qf8
36.Qe6 f4 37.a6 h5 38.f3 c5 39.dxc5 Nxc5 40.Qe5 Qh6 41.Qd4  1-0

[Event "Budapest FS02 IM"]
[Site "Budapest"]
[Date "1997.??.??"]
[Round "7"]
[White "Neumeier, Klaus"]
[Black "Czebe, Attila"]
[Result "0-1"]
[WhiteElo "2265"]
[BlackElo "2325"]

1.e4 e6 2.d4 d5 3.Nc3 Bb4 4.e5 Qd7 5.a3 Bf8 6.Bb5 c6 7.Ba4 b6 8.Nce2 Ba6
9.c3 Ne7 10.Nf3 Bc4 11.O-O a5 12.Re1 b5 13.Bc2 a4 14.Ng3 c5 15.Nh5 Ng8 16.Bg5 Nc6
17.dxc5 Qa7 18.Nd4 Rc8 19.Qg4 Qd7 20.Qg3 h6 21.Nxe6 hxg5 22.Nhxg7+ Bxg7 23.Nxg7+ Kf8
24.Qxg5 Qd8 25.Qg3 Qh4 26.Qxh4 Rxh4 27.Nf5 Rh5 28.f4 Nd8 29.Nd4 Rxc5 30.f5 Nc6
31.Rad1 Nxd4 32.Rxd4 Ne7 33.g4 Rh8 34.g5 Bb3 35.Bd3 Bc4 36.Bb1 Bb3 37.Bd3 Rh3
38.Kg2 Rxd3 39.Rxd3 Nxf5 40.Rd2 Ke7 41.Rf2 Ke6 42.Rf4 Bc2 43.h4 Rc8 44.Rg4 Rh8
45.Kh3 Ne7 46.Rf4 Bf5+ 47.Kg3 Ng6 48.Rxf5 Kxf5 49.Rf1+ Kxe5 50.Rxf7 Nxh4
51.Kg4 Ng6 52.Rf6 Ne7 53.Rb6 Nf5 54.Rxb5 Rh4+ 55.Kf3 Rf4+ 56.Ke2 Ke4 57.Rb4+ d4
58.Rxa4 Rh4 59.Kd2 Rh2+ 60.Kc1 Kd3 61.Kb1 dxc3 62.bxc3 Kxc3 63.Ra8 Ne3 64.Rc8+ Nc4
65.a4 Rb2+ 66.Kc1 Rg2 67.Kd1 Rxg5 68.Ke2 Ra5 69.Kf3 Rxa4 70.Rc7 Ra8 71.Ke4 Re8+
72.Kd5 Re5+ 73.Kc6 Rh5 74.Rg7 Ne5+ 75.Kd5 Nd3+ 76.Kd6 Nf4 77.Rg4 Rf5 78.Rg1 Kd4
79.Rd1+ Nd3 80.Ke6 Rf2 81.Rh1 Nc5+ 82.Kd6 Rf6+ 83.Ke7 Ra6 84.Rd1+ Ke5 85.Re1+ Ne4
86.Kd7 Ra2 87.Rd1 Nf6+ 88.Kc6 Rc2+ 89.Kb5 Ne4 90.Kb4 Rc8 91.Rd7 Rc1 92.Rd8 Nf6
93.Kb3 Nd5 94.Rh8 Kd4 95.Rh4+ Kc5 96.Rh8 Rg1 97.Rh4 Rg3+ 98.Kc2 Ne3+ 99.Kd2 Ng4
100.Rh8 Ne5 101.Rd8 Nc6 102.Rd7 Rh3 103.Rg7 Ne5 104.Rg8 Kd4 105.Rd8+ Ke4
106.Kc2 Nc6 107.Rd7 Nd4+ 108.Kd2 Rd3+  0-1

[Event "Buenos Aires op"]
[Site "Buenos Aires"]
[Date "1997.??.??"]
[Round "3"]
[White "Moreno, Javier"]
[Black "Panno, Oscar"]
[Result "1/2-1/2"]
[WhiteElo "2370"]
[BlackElo "2465"]

1.e4 e6 2.d4 d5 3.Nc3 Bb4 4.e5 b6 5.Qg4 Bf8 6.Bg5 Qd7 7.Bb5 c6 8.Be2 Ba6
9.f4 Ne7 10.Bxa6 Nxa6 11.Qe2 Nc7 12.Nf3 Ng6 13.Nh4 Be7 14.Nxg6 hxg6 15.Bxe7 Qxe7
16.g3 O-O-O 17.h4 Kb7 18.O-O-O Rc8 19.Kb1  1/2-1/2

[Event "Najdorf op"]
[Site "Buenos Aires"]
[Date "1997.??.??"]
[Round "7"]
[White "Kanefsck, Gustavo"]
[Black "Rodriguez, Andres"]
[Result "1/2-1/2"]
[WhiteElo "2350"]
[BlackElo "2565"]

1.e4 e6 2.d4 d5 3.Nc3 Bb4 4.e5 Ne7 5.a3 Bxc3+ 6.bxc3 b6 7.Qg4 Ng6 8.g3 Ba6
9.Bg2 Qd7 10.a4 Qc6 11.Bd2 Qc4 12.h4 h5 13.Qd1 Ne7 14.Nh3 Nf5 15.Nf4 g6 16.Nd3 Qc6
17.O-O Qd7 18.Re1 Nc6 19.Bg5 Na5 20.Bf6 Rg8 21.Nf4 Ne7 22.Nh3 O-O-O 23.Ng5 Qe8
24.Qf3 Rd7 25.Nh7 Rd8 26.Ng5 Rd7 27.Nh7 Rd8 28.Ng5  1/2-1/2

[Event "Cairo-C op"]
[Site "Cairo"]
[Date "1997.??.??"]
[Round "2"]
[White "Hamam, Reda"]
[Black "Abdelrahman, AK."]
[Result "1-0"]
[WhiteElo "2320"]
[BlackElo "2105"]

1.e4 e6 2.d4 d5 3.Nc3 Bb4 4.e5 Ne7 5.Qg4 c5 6.a3 Ba5 7.Qxg7 Rg8 8.Qxh7 cxd4
9.b4 Bc7 10.Nb5 Bxe5 11.Nf3 Rh8 12.Qd3 Bg7 13.Bf4 Ng6 14.Nc7+ Kf8 15.Bg3 e5
16.Nxa8 Nc6 17.Qb5 f5 18.h4 f4 19.Bh2 e4 20.Nd2 d3 21.c3 Kf7 22.O-O-O Qd6
23.h5 Rxh5 24.Nxe4 dxe4 25.Qc4+ Be6 26.Qxe4 Re5 27.Bxf4 Nxf4 28.Qxf4+ Rf5
29.Qxd6  1-0

[Event "Goodricke op"]
[Site "Calcutta"]
[Date "1997.??.??"]
[Round "1"]
[White "Bakre, Tejas"]
[Black "Ravi, Lanka"]
[Result "0-1"]
[WhiteElo "2205"]
[BlackElo "2390"]

1.e4 e6 2.d4 d5 3.Nc3 Bb4 4.e5 Ne7 5.a3 Bxc3+ 6.bxc3 c5 7.Nf3 b6 8.Bb5+ Bd7
9.Bd3 Ba4 10.O-O c4 11.Be2 h6 12.Ne1 Nbc6 13.f4 Kd7 14.Bg4 g6 15.Nf3 Qg8
16.Bd2 Qh7 17.Rc1 Raf8 18.Be1 Nf5 19.Bxf5 gxf5 20.Bh4 Rhg8 21.Bf6 Rg4 22.Nh4 Kc8
23.h3 Rg3 24.Kf2 Rxc3 25.Qd2 Rxa3 26.Ra1 Rxa1 27.Rxa1 Bb5 28.c3 Kb7 29.Qb2 a6
30.Nf3 Rc8 31.Qa3 Qg8 32.Nd2 h5 33.Qc1 Na5 34.Qd1 Qg6 35.Qb1 Nc6 36.Ra2 Nb8
37.Qb4 Qg8 38.Nf3 Qe8 39.Kg3 a5 40.Qe7+ Qxe7 41.Bxe7 Bd7 42.Kh4 Nc6 43.Bd6 Rh8
44.Rb2 Ka6 45.Kg5 Be8 46.Ra2 b5 47.Bc5 Kb7 48.Rb2 Ka6 49.Ra2 h4 50.Bd6 Kb6
51.Bc5+ Kb7 52.Rb2 Ka6 53.Ra2 Nb8 54.Kf6 Rg8 55.Ke7 Kb7 56.Rb2 Nc6+ 57.Kd6 Na7
58.Bxa7 Kxa7 59.Ng5 Kb6 60.Ke7 b4 61.cxb4 a4 62.Nxf7 Bxf7 63.Kxf7 Rc8 64.Kxe6 c3
65.Rc2 a3 66.Kd7 Rc7+ 67.Kd8 Ra7 68.Ra2 Kb5 69.e6 Kxb4 70.e7 Kb3  0-1

[Event "Goodricke op"]
[Site "Calcutta"]
[Date "1997.??.??"]
[Round "10"]
[White "Sharma, Dinesh K"]
[Black "Mamedova, Rena"]
[Result "1-0"]
[WhiteElo "2255"]
[BlackElo "2220"]

1.e4 e6 2.d4 d5 3.Nc3 Bb4 4.e5 Ne7 5.a3 Bxc3+ 6.bxc3 b6 7.Qg4 Ng6 8.Bd3 Ba6
9.Bxa6 Nxa6 10.h4 h5 11.Qe2 Nb8 12.Nf3 Qd7 13.a4 Nc6 14.c4 dxc4 15.Qxc4 Na5
16.Qe2 Qd5 17.O-O O-O-O 18.Bg5 Rd7 19.Rfd1 Kb8 20.c3 Rf8 21.Qc2 Rc8 22.Rab1 c6
23.Rdc1 Nc4 24.Qe2 c5 25.Rd1 cxd4 26.cxd4 Na5 27.Qe1 Ka8 28.Rb5 Qc4 29.Rc1 Qxa4
30.Rxc8+ Kb7 31.Rcc5 Nb3 32.Rb4 Nxc5 33.Rxa4 Nxa4 34.Qb4  1-0

[Event "Cannes op-B 18th"]
[Site "Cannes"]
[Date "1997.??.??"]
[Round "3"]
[White "Rouchouse, Stevens"]
[Black "Bukal, Vladimir Sr"]
[Result "1/2-1/2"]
[WhiteElo "2190"]
[BlackElo "2395"]

1.e4 e6 2.d4 d5 3.Nc3 Bb4 4.e5 Ne7 5.Qg4 c5 6.a3 Qa5 7.Bd2 cxd4 8.Nb1 Bxd2+
9.Nxd2 O-O 10.Bd3 Ng6 11.f4 Nc6 12.O-O-O f5 13.Qf3 Bd7 14.h4 Rac8 15.Nh3 Qa4
16.g4 Ngxe5 17.fxe5 Nxe5 18.Qe2 Nxg4 19.Rdg1 Ne3 20.Nf1 Nxf1 21.Rxf1 b5 22.Ng5 b4
23.Qh5 h6 24.Qg6 hxg5 25.hxg5 bxa3 26.Rh7 axb2+ 27.Kxb2 Rf7 28.Rh8+ Kxh8
29.Qxf7 Rxc2+ 30.Bxc2 Qb5+ 31.Bb3 Qe2+ 32.Bc2 Qb5+ 33.Bb3 Qe2+ 34.Bc2  1/2-1/2

[Event "Cannes op-B 18th"]
[Site "Cannes"]
[Date "1997.??.??"]
[Round "6"]
[White "Docx, Stefan"]
[Black "Kovacevic, Blazimir"]
[Result "1-0"]
[WhiteElo "2275"]
[BlackElo "2340"]

1.e4 e6 2.d4 d5 3.Nc3 Bb4 4.e5 Ne7 5.a3 Bxc3+ 6.bxc3 b6 7.a4 Ba6 8.Ne2 c5
9.h4 Qc7 10.Rh3 Nbc6 11.Nf4 Bxf1 12.Kxf1 Rc8 13.Nh5 Rg8 14.Kg1 Ng6 15.Bg5 Nce7
16.Bxe7 Qxe7 17.Qb1 Qd7 18.Qb3 Ne7 19.a5 b5 20.a6 Qc6 21.Qa3 Ng6 22.Ra2 Qb6
23.Qb2 Ne7 24.Ra1 Nc6 25.Rg3 Kf8 26.Rg4 Ne7 27.Rb1 Rb8 28.Qa3 Nc6 29.dxc5 Qc7
30.f4 Qa5 31.Qb3 Qxa6 32.c4 dxc4 33.Qg3 Nd4 34.Qf2 Nf5 35.Rd1 Qc6 36.Rd6 Nxd6
37.exd6 Rc8 38.Kh2 f6 39.Qg3 g6 40.Qc3 e5 41.Nxf6 Rg7 42.fxe5 Qxc5 43.Rf4 Qc6
44.Qd4 Rd8 45.Nh5+ Rf7 46.e6 Qxd6 47.Qxd6+ Rxd6 48.Rxf7+ Ke8 49.Nf6+ Kd8
50.e7+  1-0

[Event "Cannes op-B 18th"]
[Site "Cannes"]
[Date "1997.??.??"]
[Round "7"]
[White "Rouchouse, Stevens"]
[Black "Petit, Eric"]
[Result "0-1"]
[WhiteElo "2190"]
[BlackElo "2255"]

1.e4 e6 2.d4 d5 3.Nc3 Bb4 4.e5 Qd7 5.Bd2 b6 6.Bb5 Nc6 7.a3 Bf8 8.Nf3 Bb7
9.Qe2 Nge7 10.O-O-O O-O-O 11.Kb1 Kb8 12.Bc1 h6 13.h4 Qc8 14.g4 a6 15.Bd3 Na5
16.Na2 c5 17.c3 Nec6 18.Rh3 Nb3 19.Be3 Ka7 20.Bc2 Nca5 21.Nc1 Nxc1 22.Rxc1 Be7
23.Re1 Bc6 24.h5 Nc4 25.Nh4 Qd7 26.f4 cxd4 27.cxd4 Rc8 28.f5 Bxh4 29.Rxh4 Rc7
30.Rh3 Rhc8 31.Rf3 Bb5 32.Bd3 Ba4 33.f6 gxf6 34.Rxf6 Bb3 35.Bxh6 Qb5 36.Rf3 Bc2+
37.Qxc2 Nxa3+ 38.Ka2 Nxc2 39.Bxb5 Nxe1 40.Rf1 Nc2 41.Ba4 Nxd4 42.Bg7 b5 43.Bd1 a5
44.h6 Rc1 45.h7 b4 46.Rxf7+ Kb6 47.Ba4 Rh1 48.h8=Q Rcxh8 49.Bxh8 Rxh8 50.Rf1 Rg8
51.Bd1 a4 52.Rf4 b3+ 53.Kb1 Kc5 54.Kc1 Rg5 55.Rf8 Rxe5 56.Ra8 Kb4 57.Rb8+ Kc4
58.Ra8 Kd3 59.Rf8 Re1  0-1

[Event "Cannes op-B 18th"]
[Site "Cannes"]
[Date "1997.??.??"]
[Round "8"]
[White "Berthelot, Yannick"]
[Black "Kovacevic, Blazimir"]
[Result "1/2-1/2"]
[WhiteElo "2295"]
[BlackElo "2340"]

1.e4 e6 2.d4 d5 3.Nc3 Bb4 4.e5 Qd7 5.a3 Bxc3+ 6.bxc3 b6 7.Nh3 Ba6 8.Bxa6 Nxa6
9.a4 Nb8 10.Nf4 Nc6 11.Qg4 g6 12.h4 h6 13.Qe2 Na5 14.h5 g5 15.Nd3 Qc6 16.Bd2 Ne7
17.g4 Nc4 18.f4 Nxd2 19.Kxd2 gxf4 20.Rhf1 a5 21.Rxf4 Rh7 22.Qf3 Ng8 23.Rf1 Qd7
24.Nf2 Rg7 25.Nh3 Rd8 26.g5 hxg5 27.Nxg5 Nh6 28.Nxe6 Qxe6 29.Rf6 Qg4 30.Rxh6 Qg5+
31.Qf4 Qxf4+ 32.Rxf4 Ke7 33.Kc1 Rdg8 34.Kb2 Rg4 35.Rxg4 Rxg4 36.Rf6 Rh4 37.h6 Rh3
38.Kb3 Rh4 39.Rc6 Kd7 40.Rf6 Ke7 41.c4 Rxd4 42.cxd5 Rb4+ 43.Ka3 Ke8 44.Rc6 Kd7
45.Rf6 Ke8 46.d6 c6 47.d7+ Kxd7 48.Rxf7+ Ke6 49.h7 Rh4 50.Rc7 c5 51.Rc6+ Kxe5
52.Rxb6 Rxh7 53.Rb5 Kd4 54.Rxa5 Kc4 55.Kb2 Rb7+ 56.Kc1  1/2-1/2

[Event "Cannes op-B 18th"]
[Site "Cannes"]
[Date "1997.??.??"]
[Round "8"]
[White "Doghri, Nabil"]
[Black "Meszaros, Gyula"]
[Result "1/2-1/2"]
[WhiteElo "2305"]
[BlackElo "2295"]

1.e4 e6 2.d4 d5 3.Nc3 Bb4 4.e5 Ne7 5.a3 Bxc3+ 6.bxc3 c5 7.Qg4 Qc7 8.Bd3 c4
9.Be2 Qa5 10.Bd2 Nf5 11.Qh5 Nc6 12.g4 Nfe7 13.Nh3 h6 14.Ng5 Rf8 15.Nh7 Rh8
16.Ng5 Rf8 17.Nh7  1/2-1/2

[Event "Cannes op-B 18th"]
[Site "Cannes"]
[Date "1997.??.??"]
[Round "8"]
[White "Olivier, Jean Christophe"]
[Black "Karatorossian, David"]
[Result "0-1"]
[WhiteElo "2305"]
[BlackElo "2235"]

1.e4 e6 2.d4 d5 3.Nc3 Bb4 4.e5 b6 5.a3 Bxc3+ 6.bxc3 Qd7 7.a4 Ba6 8.Bxa6 Nxa6
9.Qg4 f5 10.Qh5+ g6 11.Qe2 Nb8 12.h4 h6 13.Nh3 Nc6 14.Nf4 Nge7 15.g4 O-O-O
16.gxf5 Nxf5 17.Nxg6 Rhg8 18.Nf4 Na5 19.Nh5 Rg6 20.Nf6 Qg7 21.Qf3 Nc4 22.Ke2 c5
23.Qf4 cxd4 24.cxd4 Rg2 25.Kf1 Rf8 26.c3 Rg6 27.h5 Rgxf6 28.exf6 Rxf6 29.Rg1 Qf7
30.Qh2 Nfd6 31.Rg6 Rxg6 32.hxg6 Qxg6 33.Bf4 Qd3+ 34.Kg2 Nf5 35.Re1 Qxc3 36.Qh5 Nh4+
37.Qxh4 Qxe1 38.Qf6 Qe4+ 39.Kh2 Kb7 40.Qg7+ Ka6 41.Bb8 Ka5 42.Qxa7+ Kb4 43.Bg3 h5
44.Qd7 h4 45.Qe7+ Kxa4 46.Bxh4 Qxd4 47.Qh7 Qe4 48.Qa7+ Kb3 49.Bd8 b5 50.Be7 b4
51.Bc5 Ne5 52.Qb6 Qg4  0-1

[Event "Cappelle op"]
[Site "Cappelle la Grande"]
[Date "1997.??.??"]
[Round "3"]
[White "Nijboer, Friso"]
[Black "Vysochin, Spartak"]
[Result "1-0"]
[WhiteElo "2555"]
[BlackElo "2500"]

1.e4 e6 2.d4 d5 3.Nc3 Bb4 4.e5 Ne7 5.a3 Bxc3+ 6.bxc3 c5 7.Qg4 O-O 8.Bd3 Qa5
9.Ne2 Nbc6 10.Bg5 cxd4 11.f4 b6 12.Bf6 Ng6 13.h4 Ba6 14.Bxa6 Qxa6 15.h5 gxf6
16.hxg6 fxg6 17.Qxe6+ Kg7 18.Qd7+ Rf7 19.Rxh7+ Kxh7 20.Qxf7+ Kh6 21.Kf2  1-0

[Event "Celle Ligure op"]
[Site "Celle Ligure"]
[Date "1997.??.??"]
[Round "8"]
[White "Jovanic, Ognjen"]
[Black "Cordara, Michele"]
[Result "1-0"]
[WhiteElo "2260"]
[BlackElo "2195"]

1.e4 e6 2.d4 d5 3.Nc3 Bb4 4.e5 Qd7 5.Qg4 f5 6.Qh5+ Qf7 7.Qd1 c5 8.a3 Ba5
9.b4 cxd4 10.Nb5 Bc7 11.Nf3 Nc6 12.Bf4 a6 13.Nbxd4 h6 14.h4 Nge7 15.h5 Bd7
16.c4 dxc4 17.Bxc4 Bb6 18.O-O Rd8 19.Ne2 Qxh5 20.Qb3 g5 21.Be3 Bxe3 22.fxe3 b5
23.Bxe6 Bxe6 24.Qxe6 Qf7 25.Nfd4 Rd5 26.Qxf7+ Kxf7 27.Nxc6 Nxc6 28.Rxf5+ Ke7
29.Raf1 Rxe5 30.Rf7+ Kd6 31.Rd1+ Ke6 32.Rc7 Ne7 33.Nd4+ Kf6 34.Rf1+ Kg6 35.Ra7 Rxe3
36.Rxa6+ Kh5 37.Nxb5 Nd5 38.Nd4 Nf4 39.Rf3 Re5 40.Kh2 Re4 41.Nf5 Re1 42.Rf6 Rb1
43.Ng7+ Kg4 44.Ne6 Nh5 45.Rg6 Rc8 46.Nc5 Nf4 47.Rxh6 Rb2 48.Rg3+ Kf5 49.Nd3 Rb3
50.Nxf4 Rxg3 51.Kxg3 Rc3+ 52.Kh2 Kxf4 53.Rf6+ Ke4 54.Rf3  1-0

[Event "Celle Ligure op"]
[Site "Celle Ligure"]
[Date "1997.??.??"]
[Round "9"]
[White "Tortarolo, Massimiliano"]
[Black "Lovric, Branko"]
[Result "1-0"]
[WhiteElo "2260"]
[BlackElo "2370"]

1.e4 e6 2.d4 d5 3.Nc3 Bb4 4.e5 b6 5.Qg4 Bf8 6.Be3 Ne7 7.Nh3 Ba6 8.Bxa6 Nxa6
9.Nf4 Qd7 10.Qe2 Nb4 11.a3 Nbc6 12.Nh5 Nf5 13.O-O-O Be7 14.g4 Nxe3 15.fxe3 g6
16.Ng3 Na5 17.h4 c6 18.e4 Nc4 19.Rd3 h6 20.a4 a6 21.b3 Ba3+ 22.Kb1 b5 23.Ka2 Rb8
24.bxc4 bxc4 25.Rf3 Qe7 26.Rb1 O-O 27.Qe3 Rb4 28.Nxd5 cxd5 29.Qxa3 a5 30.c3 Rfb8
31.cxb4 axb4 32.Qb2 Qa7 33.Ra3 b3+ 34.Ka1 Qa5 35.Ne2 Qa7 36.Qc3 Qe7 37.Kb2 Qxh4
38.Qg3 Qg5 39.Qf4 Qe7 40.Qxh6 Qa7 41.Rh1  1-0

[Event "Chicago op"]
[Site "Chicago"]
[Date "1997.??.??"]
[Round "1"]
[White "Andrews, Todd D"]
[Black "Zelkind, Eduard"]
[Result "1-0"]
[WhiteElo "2040"]
[BlackElo "2325"]

1.e4 e6 2.d4 d5 3.Nc3 Bb4 4.e5 Qd7 5.f4 b6 6.Nf3 Ne7 7.Bd3 Ba6 8.Bxa6 Nxa6
9.Qd3 Nb8 10.O-O Nbc6 11.Nd1 Nf5 12.g4 Nh6 13.Ne3 Be7 14.c3 Na5 15.h3 c5
16.Bd2 Nc6 17.f5 O-O-O 18.Rae1 Kb8 19.Re2 Rc8 20.a3 Na5 21.f6 Bf8 22.Ref2 g6
23.Rc1 Nb3 24.Rd1 Qa4 25.Be1 Ng8 26.Rg2 Rc7 27.Bg3 Rd7 28.Qc2 b5 29.h4 Kb7
30.Nd2 cxd4 31.Nxb3 dxe3 32.Rd4 Qa6 33.Qd3 Qb6 34.Qxe3 a5 35.Rd3 Qxe3+ 36.Rxe3 a4
37.Nd4 Bc5 38.Rd3 Kb6 39.Bf4 h6 40.h5  1-0

[Event "Ciego de Avila"]
[Site "Ciego de Avila"]
[Date "1997.??.??"]
[Round "3"]
[White "Vasquez, Rodrigo"]
[Black "Arribas, Maritza"]
[Result "1/2-1/2"]
[WhiteElo "2480"]
[BlackElo "2295"]

1.e4 e6 2.d4 d5 3.Nc3 Bb4 4.e5 Ne7 5.a3 Bxc3+ 6.bxc3 c5 7.h4 Qc7 8.h5 h6
9.Nf3 Bd7 10.a4 Qa5 11.Bd2 c4 12.Qb1 b6 13.Qb4 Na6 14.Qa3 b5 15.Be2 bxa4
16.O-O Bc6 17.Nh4 Qd8 18.f4 g6 19.hxg6 Nxg6 20.Nxg6 fxg6 21.Qc1 Kd7 22.Qe1 Nc7
23.Qg3 Qg8 24.Bc1 Qf7 25.Bg4 h5 26.Bh3 Ne8 27.Ba3 Ng7 28.Bc5 Nf5 29.Qg5 h4
30.Rae1 Rh5 31.Qf6 Rh7 32.Rf3 a6 33.Ba3 Rb8 34.Bg4 Ng3 35.Kh2 Ne4 36.Qxf7+ Rxf7  1/2-1/2

[Event "CZE-chT1a 9697"]
[Site "CZE"]
[Date "1997.??.??"]
[Round "?"]
[White "Pokrupa, Marek"]
[Black "Kotek, Daniel"]
[Result "0-1"]
[WhiteElo "2145"]
[BlackElo "2305"]

1.e4 e6 2.d4 d5 3.Nc3 Bb4 4.e5 Ne7 5.a3 Bxc3+ 6.bxc3 c5 7.Qg4 Qc7 8.Qxg7 Rg8
9.Qxh7 cxd4 10.Ne2 Nbc6 11.f4 Bd7 12.Qd3 dxc3 13.Qxc3 Nf5 14.h3 d4 15.Qd3 O-O-O
16.g4 Nh4 17.Qg3 Qa5+ 18.Kf2 Rh8 19.Bg2 Nxg2 20.Qxg2 Qc5 21.Rd1 Qxc2 22.Rd2 Qb3
23.Qg3 Rxh3 24.Qxb3 Rxb3 25.Nxd4 Nxd4 26.Rxd4 Rh8 27.Be3 Rh2+ 28.Kg1 Rh4
29.Rad1 Bc6 30.Rd8+ Kc7 31.R8d3 Rb2 32.R3d2 Rxg4+ 33.Kh2 Rb3 34.Rd3 Rb5 35.Kh3 Rg2
36.Rd7+ Bxd7 37.Kxg2 Rb3 38.Bc5 Bc6+ 39.Kh2 Rf3 40.Rd4 Bd5 41.Ra4 a6 42.Rd4 Kc6
43.Be7 b6 44.Kg1 a5 45.Ra4 Rd3 46.f5 exf5 47.Kf2 Rb3 48.Rd4 Rh3 49.Ke2 Rh6
50.Kd2 Re6 51.Bf6 Kc5 52.Kc3 b5 53.Rh4 Re8 54.Rh5 b4+ 55.axb4+ axb4+ 56.Kb2 f4
57.Rf5 f3 58.Rf4 b3 59.Kb1 Rg8 60.Kb2 Rg2+ 61.Kc3 Rc2+ 62.Kd3 Bc4+  0-1

[Event "CZE-chT1a 9697"]
[Site "CZE"]
[Date "1997.??.??"]
[Round "?"]
[White "Folk, Petr"]
[Black "Kotek, Daniel"]
[Result "1-0"]
[WhiteElo "2250"]
[BlackElo "2305"]

1.e4 e6 2.d4 d5 3.Nc3 Bb4 4.e5 Ne7 5.a3 Bxc3+ 6.bxc3 c5 7.h4 Nbc6 8.h5 cxd4
9.cxd4 Qa5+ 10.Bd2 Qa4 11.Nf3 Nxd4 12.Bd3 Nec6 13.Kf1 Nf5 14.h6 g6 15.Bg5 O-O
16.Bxf5 exf5 17.Rh4 Qa6+ 18.Kg1 Be6 19.Bf6 Rac8 20.Qd2 Nb8 21.Bg7 Rfe8 22.Rb1 Rc7
23.Rhb4 Rec8 24.Nd4 Nd7 25.Qg5 b6 26.Nb5 Rxc2 27.Nd6 Ra8 28.Qe7 Qe2 29.Rf1 Rc6
30.Ne8 a5 31.Qf8+  1-0

[Event "Neckar op 1st"]
[Site "Deizisau"]
[Date "1997.??.??"]
[Round "7"]
[White "Ott, Frank"]
[Black "Berezovsky, Igor"]
[Result "0-1"]
[WhiteElo "2245"]
[BlackElo "2375"]

1.e4 e6 2.d4 d5 3.Nc3 Bb4 4.e5 Qd7 5.Nf3 b6 6.Bd3 Ba6 7.O-O c5 8.Bxa6 Nxa6
9.Ne2 c4 10.b3 Rc8 11.c3 Bf8 12.b4 Nb8 13.a4 Nc6 14.Re1 Kd8 15.Ng3 Kc7 16.h4 Kb7
17.Bf4 Be7 18.Qd2 Bd8 19.Re2 Nge7 20.Nh5 Rg8 21.g4 Ng6 22.Bg3 Bc7 23.Rf1 Bd8
24.Rfe1 Qe8 25.Kg2 Be7 26.Kh3 Bd8 27.Qe3 h6 28.Rf1 Be7 29.Ne1 Nf8 30.Qf3 Bxb4
31.Nc2 Be7 32.Ne3 Bd8 33.Nxd5 exd5 34.Qxd5 g6 35.Nf4 Qd7 36.Qe4 h5 37.f3 hxg4+
38.fxg4 g5 39.Nh5 gxh4 40.Bxh4 Bxh4 41.Kxh4 Kb8 42.Kg3 Qb7 43.Qf5 Nd8 44.Nf6 Rh8
45.Ne4 Qe7  0-1